Les meilleurs buteurs de l’histoire de la LDC - Statistiques

Statistiques générales
  • Ce quiz a été pris 3 448 fois
  • Le résultat moyen est 10 sur 20
Statistiques - réponses
Nombre de buts Nom du joueur % Correct
134 buts Cristiano Ronaldo
100%
119 buts Lionel Messi
100%
69 buts Karim Benzema
92%
72 buts Robert Lewandowski
81%
41 buts Neymar
78%
51 buts Thierry Henry
68%
71 buts Raùl
60%
49 buts Zlatan Ibrahimovic
58%
47 buts Thomas Müller
53%
35 buts Edinson Cavani
44%
44 buts Didier Drogba
43%
47 buts Sergio Agüero
40%
60 buts Rudd Van Nistelrooy
26%
59 buts Andriy Shevchenko
25%
50 buts Filippo Inzaghi
25%
49 buts Alfredo Di Stefano
22%
44 buts Alessandro Del Piero
19%
35 buts Ferenc Puskàs
16%
47 buts Eusébio
14%
39 buts Fernando Morientes
7%
Aucun quiz correspondant
Distribution des résultats
% des personnes avec chaque résultat
Percentile par nombre de réponses
Votre historique - résultats
Vous n’avez pas pris ce quiz